Statistics for Countries that Visit Gambia the Most

Click here to take the quiz!

General Stats

  • This quiz has been taken 62 times
  • The average score is 6 of 10

Answer Stats

Visits Country % Correct
41,532United Kingdom
96%
3,997United States
95%
5,488Spain
86%
4,201Germany
86%
3,102Nigeria
77%
24,260Netherlands
57%
5,063Belgium
54%
7,423Sweden
41%
4,264Finland
29%
4,997Czechia
18%

Score Distribution

Percentile by Number Answered

Percent of People with Each Score

Your Score History

You have not taken this quiz